Estatísticas para Questionário de Arte e Cinema

Clique aqui para jogar o quiz

Estatísticas Gerais

  • Esse quiz foi jogado 172 vezes
  • A pontuação média é 12 de 20

Estatísticas das Respostas

Resposta% Correto
Mona Lisa
99%
Titanic
99%
It
92%
Toy Story
87%
Matrix
81%
Pânico
78%
Monstros SA
74%
Forrest Gump
72%
O rei leão
70%
A última ceia
67%
O iluminado
58%
A criação de Adão
49%
O poderoso chefão
47%
Psicose
45%
Pietà
33%
O beijo
31%
Casablanca
22%
Ben Hur
20%
Lawrence da Arábia
17%
Liberdade guiando o povo
13%

Distribuição das Pontuações

Percentil de Números Respondidos

Porcentagem de Pessoas com Cada Pontuação

Sua Pontuação Histórica

Você não jogou esse quiz